Normal view
MARC view
Entry Personal Name
001 - CONTROL NUMBER
- control field: 1781
003 - CONTROL NUMBER IDENTIFIER
- control field: OSt
005 - DATE AND TIME OF LATEST TRANSACTION
- control field: 20200302115213.0
008 - FIXED-LENGTH DATA ELEMENTS
- fixed length control field: 200302|| aca||aabn | a|a d
040 ## - CATALOGING SOURCE
- Original cataloging agency: OSt
- Transcribing agency: OSt
100 ## - HEADING--PERSONAL NAME
- Personal name: Šulajová, Zuzka,
- Dates associated with a name: 1985-
670 ## - SOURCE DATA FOUND
- Source citation: Work cat.: (OSt)0: Šulajová, Zuzka, 1985-, Džínsový denník 6, 2016